<?xml version="1.0" encoding="UTF-8"?>
<record
    xmlns:xsi="http://www.w3.org/2001/XMLSchema-instance"
    xsi:schemaLocation="http://www.loc.gov/MARC21/slim http://www.loc.gov/standards/marcxml/schema/MARC21slim.xsd"
    xmlns="http://www.loc.gov/MARC21/slim">

  <leader>01591nam a22001457a 4500</leader>
  <datafield tag="999" ind1=" " ind2=" ">
    <subfield code="c">514929</subfield>
    <subfield code="d">514929</subfield>
  </datafield>
  <controlfield tag="008">210102b           ||||| |||| 00| 0 eng d</controlfield>
  <datafield tag="100" ind1=" " ind2=" ">
    <subfield code="a">Purks, Vanessa et al </subfield>
    <subfield code="9">22035</subfield>
  </datafield>
  <datafield tag="245" ind1=" " ind2=" ">
    <subfield code="a">Fishing households, social support, and depression after the deepwater horizon oil spill</subfield>
  </datafield>
  <datafield tag="260" ind1=" " ind2=" ">
    <subfield code="a">Rural Sociology  </subfield>
  </datafield>
  <datafield tag="300" ind1=" " ind2=" ">
    <subfield code="a">85(2), Jun, 2020: p.495-518</subfield>
  </datafield>
  <datafield tag="520" ind1=" " ind2=" ">
    <subfield code="a">This study contributes to the growing body of knowledge on mental health in the aftermath of disasters by examining depressive symptoms among residents of the U.S. Gulf Coast region 6 years after the onset of the Deepwater Horizon oil spill (DHOS). Using data from the Survey of Trauma, Resilience, and Opportunity in Neighborhoods in the Gulf (STRONG), we test how social support and ties to the fishing industry are related to the likelihood of a positive depression screen. The results show that, among most residents of the Gulf Coast region, social support holds an inverse relationship with the likelihood of a positive depression screen. However, among fishing households, greater social support is associated with a higher probability of screening positive for depression. By showing that fishing households with greater social support are more susceptible to depressive symptoms in this setting, our results uncover a potentially important mechanism that contributes to the unique vulnerability of fishers, which in turn holds implications for differential impacts across social groups in environmental disaster contexts. -Reproduced 

</subfield>
  </datafield>
  <datafield tag="773" ind1=" " ind2=" ">
    <subfield code="a">Rural Sociology  </subfield>
  </datafield>
  <datafield tag="906" ind1=" " ind2=" ">
    <subfield code="a">DISASTER MANAGEMENT</subfield>
  </datafield>
  <datafield tag="942" ind1=" " ind2=" ">
    <subfield code="c">AR</subfield>
  </datafield>
  <datafield tag="952" ind1=" " ind2=" ">
    <subfield code="0">0</subfield>
    <subfield code="1">0</subfield>
    <subfield code="2">ddc</subfield>
    <subfield code="4">0</subfield>
    <subfield code="7">0</subfield>
    <subfield code="9">388942</subfield>
    <subfield code="a">IIPA</subfield>
    <subfield code="b">IIPA</subfield>
    <subfield code="d">2021-01-02</subfield>
    <subfield code="h">85(2), Jun, 2020: p.495-518</subfield>
    <subfield code="p">AR123798</subfield>
    <subfield code="r">2021-01-02</subfield>
    <subfield code="y">AR</subfield>
  </datafield>
</record>
